LEADER 01017nam a2200265 i 4500 001 991000496829707536 005 20020506131236.0 008 940302s1991 it ||| | ita 035 $ab10709034-39ule_inst 035 $aEXGIL146716$9ExL 040 $aDip.to Filol. Ling. e Lett.$bita 082 0 $a726 100 1 $aCanosa, Romano$0135587 245 13$aIl Velo e il cappuccio :$bmonacazioni forzate e sessaualità nei conventi femminili in Italia tra quattrocento e settecento /$cRomano Canosa 260 $aRoma :$bSapere 2000,$c1991 300 $a235 p. ;$c21 cm. 490 0 $aSapere 2000 ;$v58 650 4$aMonachesimo femminile - Sessualità$ySec. 15.-18. 650 4$aSociolinguistica 907 $a.b10709034$b23-02-17$c28-06-02 912 $a991000496829707536 945 $aLE008 L.L.I.D B VII 87$g1$i2008000464653$lle008$o-$pE0.00$q-$rl$s- $t0$u2$v1$w2$x0$y.i10804778$z28-06-02 996 $aVelo e il cappuccio$9818429 997 $aUNISALENTO 998 $ale008$b01-01-94$cm$da $e-$fita$git $h3$i1 LEADER 02704nam 2200505 450 001 9910153248703321 005 20230810000855.0 010 $a1-292-08689-0 010 $a1-292-08718-8 035 $a(CKB)3710000000776138 035 $a(MiAaPQ)EBC5185873 035 $a(MiAaPQ)EBC5138003 035 $a(MiAaPQ)EBC6577656 035 $a(MiAaPQ)EBC6578073 035 $a(MiAaPQ)EBC6577710 035 $a(Au-PeEL)EBL5138003 035 $a(OCoLC)1016999964 035 $a(Au-PeEL)EBL6578073 035 $a(EXLCZ)993710000000776138 100 $a20190319d2017 uy 0 101 0 $aeng 135 $aurcnu|||||||| 181 $2rdacontent 182 $2rdamedia 183 $2rdacarrier 200 10$aFamily law /$fJonathan Herring 205 $aSixth edition. 210 1$aHarlow, England :$cPearson,$d2017. 215 $a1 online resource (166 pages) $cillustrations 225 1 $aLaw express 300 $aIncludes index. 327 $aCover -- Title page -- Copyright page -- Contents -- Acknowledgements -- Introduction -- Guided tour -- Table of cases and statutes -- Chapter 1: Marriage and civil partnership -- Chapter 2: Cohabitation -- Chapter 3: Domestic violence -- Chapter 4: Divorce and dissolution -- Chapter 5: Financial issues on divorce and dissolution -- Chapter 6: Who is a parent? -- Chapter 7: Resolving disputes over children's upbringing -- Chapter 8: Children's rights -- Chapter 9: Child protection -- Chapter 10: Adoption -- And finally, before the exam ... -- Glossary of terms -- Index. 330 $aTried and tested by undergraduate law students across the UK. 94% of students polled agree that Law Express helps them to revise effectively and take exams with confidence. 88% agree that Law Express helps them to understand key concepts quickly. Make your answer stand out with Law Express, the UK's bestselling law revision series. Review the key cases, statutes and legal terms you need to know for your exam. Improve your exam performance with helpful advice on effective revision. Maximise your marks with tips for advanced thinking and further debate. Avoid losing marks by understanding common pitfalls. Practise answering sample questions and find guidance for structuring strong answers. Hone your exam technique further with additional study materials on the companion website. 410 0$aLaw express. 606 $aDomestic relations$zEngland 615 0$aDomestic relations 676 $a346.42015 700 $aHerring$b Jonathan$0786730 801 0$bMiAaPQ 801 1$bMiAaPQ 801 2$bMiAaPQ 906 $aBOOK 912 $a9910153248703321 996 $aFamily law$92548133 997 $aUNINA LEADER 01775nas 2200577 a 450 001 996199887203316 005 20240413015826.0 011 $a1532-2653 035 $a(OCoLC)44875259 035 $a(CKB)954925582188 035 $a(CONSER) 00208394 035 $a(DE-599)ZDB2009190-4 035 $a(EXLCZ)99954925582188 100 $a20000824a19949999 sy a 101 0 $aeng 135 $aurmnu||||| 181 $ctxt$2rdacontent 182 $cc$2rdamedia 183 $acr$2rdacarrier 200 10$aJournal of clinical neuroscience 210 $aMelbourne, Vic., Australia $cChurchill Livingstone$dc1994- 210 21$a[London] :$cHarcourt Publishers Ltd. 210 31$aAmsterdam :$cElsevier Science Ltd. 300 $aRefereed/Peer-reviewed 311 $a0967-5868 531 $aJ CLIN NEUROSCI 531 $aJ CL NEUROS 531 0 $aJ. clin. neurosci. 531 $aJ. CLIN. NEUROSCI 606 $aBrain$xSurgery$vPeriodicals 606 $aNeurosciences$vPeriodicals 606 $aNervous system$xSurgery$vPeriodicals 606 $aBrain$xsurgery 606 $aNeurosurgical Procedures 606 $aNeurosciences 608 $aPeriodical. 615 0$aBrain$xSurgery 615 0$aNeurosciences 615 0$aNervous system$xSurgery 615 2$aBrain$xsurgery. 615 2$aNeurosurgical Procedures. 615 2$aNeurosciences. 676 $a616 712 02$aAustralian Association of Neurologists. 712 02$aAustralian and New Zealand Society for Neuropathology. 712 02$aAsian/Australian Society of Neurological Surgeons. 712 02$aNeurosurgical Society of Australasia. 906 $aJOURNAL 912 $a996199887203316 996 $aJournal of clinical neuroscience$92431579 997 $aUNISA